000 00440ngm a2200181 i 4500
001 C2-0324810
003 PPAK
005 20180727221956.0
008 131230s2013 my |||| ||||| | vlmay d
040 _aPPAK
_beng
_cPPAK
_erda
245 0 0 _aBola kampung the movie
264 1 _aCheras :
_c2013
336 _2rdacontent
_atext
337 _2rdamedia
_aunmediated
338 _2rdacarrier
_avolume
700 _eauthor
942 _2ddc
_cDVD
999 _c167476
_d167476